La fatiga de ser uno mismo : (Record no. 87854)

MARC details
000 -CABECERA
campo de control de longitud fija 00683nam a2200241 a 4500
005 - FECHA Y HORA DE LA ÚLTIMA TRANSACCIÓN
campo de control 20250826063911.0
008 - ELEMENTOS DE LONGITUD FIJA--INFORMACIÓN GENERAL
campo de control de longitud fija 011116s2000 mx r 000 0 spa d
020 ## - NÚMERO INTERNACIONAL NORMALIZADO PARA LIBROS
Número Internacional Estándar del Libro 9506023999
035 ## - NÚMERO DE CONTROL DEL SISTEMA
Número de control de sistema UPN01000113946
049 ## - COLECCIÓN
Colección CG
050 #4 - SIGNATURA TOPOGRÁFICA DE LA BIBLIOTECA DEL CONGRESO
Número de clasificación RC537
Número de documento/Ítem E4.38
100 1# - ASIENTO PRINCIPAL--NOMBRE PERSONAL
Nombre de persona Ehrenberg, Alain
245 13 - MENCIÓN DE TÍTULO
Título La fatiga de ser uno mismo :
Resto del título depresión y sociedad /
Mención de responsabilidad, etc. Alain Ehrenberg ; tr. Rogelio C. Paredes
260 ## - PUBLICACIÓN, DISTRIBUCIÓN, ETC.
Lugar de publicación, distribución, etc. Buenos Aires :
Nombre del editor, distribuidor, etc. Nueva Visión,
Fecha de publicación, distribución, etc. c2000.
300 ## - DESCRIPCIÓN FÍSICA
Extensión 303 p.
440 #0 - MENCIÓN DE SERIE/ASIENTO SECUNDARIO--TÍTULO
Título Cultura y sociedad
650 #2 - ASIENTO SECUNDARIO DE MATERIA - TERMINO TEMATICO
Término de materia o nombre geográfico como elemento de entrada Depresión mental
9 (RLIN) 7508
650 #4 - ASIENTO SECUNDARIO DE MATERIA - TERMINO TEMATICO
Término de materia o nombre geográfico como elemento de entrada NEUROSIS
9 (RLIN) 9378
650 #7 - ASIENTO SECUNDARIO DE MATERIA - TERMINO TEMATICO
Término de materia o nombre geográfico como elemento de entrada Psicopatología
Fuente del encabezamiento o término
9 (RLIN) 45619
901 ## - ELEMENTOS DE DATOS A LOCAL LDA (RLIN)
a 184598
902 ## - ELEMENTOS DE DATOS B LOCAL, LDB (RLIN)
Creó MCM/mema
905 ## - TIPO DE MATERIAL
Tipo de material Libro
Holdings
Estado de retiro Estado de pérdida Fuente del sistema de clasificación o colocación Estado dañado No para préstamo Código de colección Localización permanente Ubicación/localización actual Ubicación en estantería Fecha de adquisición Total de préstamos Clasificación Código de barras Fecha visto por última vez Número de copia Tipo de ítem Koha
    Library of Congress Classification   En restauración Colección General Bib. Gregorio Torres Quintero Bib. Gregorio Torres Quintero Planta baja 14/03/2024 29 RC537 R4.38 184598 31/12/2020 1 Libro